000 00296nam a22001337a 4500
008 170328b xxu||||| |||| 00| 0 eng d
020 _a9780671725563
041 _aeng
080 _a796.3
100 _a8
101 _aSHM
245 _aGOLF DIGEST'S BOOK OF DRILLS
_cMCLEAN, J
942 _2udc
_cBK
999 _c8784
_d8784